Must we fight Japan?

This is a reproduction of a book published before 1923. This book may have occasional imperfections such as missing or blurred pages, poor pictures, errant marks, etc. that were either part of the original artifact, or were introduced by the scanning process. We believe this work is culturally impor...

Volledige beschrijving

Bewaard in:
Bibliografische gegevens
Hoofdauteur: Pitkin, Walter B.
Formaat: Boek
Taal:Undetermined
Gepubliceerd in: New York The Century Co. 1921
Onderwerpen:
Tags: Voeg label toe
Geen labels, Wees de eerste die dit record labelt!
Thư viện lưu trữ: Trung tâm Học liệu Trường Đại học Cần Thơ
LEADER 01196nam a2200229Ia 4500
001 CTU_222266
008 210402s9999 xx 000 0 und d
082 |a 952 
082 |b P684 
100 |a Pitkin, Walter B. 
245 0 |a Must we fight Japan? 
245 0 |c Walter B. Pitkin 
260 |a New York 
260 |b The Century Co. 
260 |c 1921 
520 |a This is a reproduction of a book published before 1923. This book may have occasional imperfections such as missing or blurred pages, poor pictures, errant marks, etc. that were either part of the original artifact, or were introduced by the scanning process. We believe this work is culturally important, and despite the imperfections, have elected to bring it back into print as part of our continuing commitment to the preservation of printed works worldwide. We appreciate your understanding of the imperfections in the preservation process, and hope you enjoy this valuable book. 
650 |a Japan,Nhật Bản 
650 |x Foreign relations,Quan hệ ngoại giao 
650 |z United States,Hoa Kỳ 
904 |i Kim Tuyến 
910 |a Qhieu 
980 |a Trung tâm Học liệu Trường Đại học Cần Thơ